Human remains & museum practice /
مؤلفون مشاركون: , ,
مؤلفون آخرون: ,
التنسيق: كتاب
اللغة: English
منشور في:
Paris :
United Nations Educational, Scientific and Cultural Organization,
2006.
سلاسل:
Museum and diversity.
الموضوعات:
الوسوم: إضافة وسم
رقم الطلب: CC79.5 .H85 U547 2005
| LEADER | 01537namaa2200325 4500 | ||
|---|---|---|---|
| 003 | OSt | ||
| 005 | 20251028081930.0 | ||
| 008 | 130303s2006 fr a b 000 0 eng d | ||
| 020 | |a 9789231040214 | ||
| 020 | |a 9231040219 | ||
| 040 | |c ARCE Library | ||
| 050 | 4 | |a CC79.5 .H85 U547 2005 | |
| 110 | 2 | |a Unesco. |b General Conference |n (33rd : |c 2005 : |d London, England) | |
| 245 | 1 | 0 | |a Human remains & museum practice / |c Jack Lohman and Katherine Goodnow (eds.). |
| 246 | 3 | |a Human remains and museum practice. | |
| 264 | 1 | |a Paris : |b United Nations Educational, Scientific and Cultural Organization, |c 2006. | |
| 300 | |a 136 pages : |b illustrations (some color) ; |c 27 cm. | ||
| 490 | 0 | |a Museum and diversity. | |
| 500 | |a "This volume reflects the findings of an international conference [held in Oct. 2004], hosted by the Museum of London, whose aim was 'to consider how issues including rights and ownership, belief systems, historical considerations, competing cultural models and defining public benefits should be dealt with by museums and how they shape and influence their policy, practices and procedural frameworks"--Page 9. | ||
| 504 | |a Includes bibliographical references. | ||
| 650 | 0 | |a Human remains (Archaeology) |x Moral and ethical aspects |v Congresses. | |
| 650 | 0 | |a Museums |x Philosophy |v Congresses. | |
| 650 | 0 | |a Archaeology. | |
| 700 | 1 | |a Lohman, Jack, |d 1958- |9 34874 | |
| 700 | 1 | |a Goodnow, Katherine J. |9 30924 | |
| 710 | 2 | |a Unesco. | |
| 710 | 2 | |a Museum of London. | |
| 901 | |a reviewed | ||
| 942 | |c BK |2 lcc | ||
| 999 | |c 704 |d 704 | ||
